Tiempo de sangres / (Record no. 193580)

MARC details
000 -LEADER
campo de control de longitud fija 02544nam a2200397 i 4500
001 - NÚMERO DE CONTROL
campo de control 193580
003 - IDENTIFICADOR DE NÚMERO DE CONTROL
campo de control ES-MaACL
005 - FECHA Y HORA DE LA ÚLTIMA TRANSACCIÓN
campo de control 20250708201744.0
007 - CAMPO FIJO DE DESCRIPCIÓN FÍSICA--INFORMACIÓN GENERAL
campo de control de longitud fija ta
008 - DATOS DE LONGITUD FIJA--INFORMACIÓN GENERAL
campo de control de longitud fija 240116b2023 sp ||||| |||| 00| 0 spa d
020 ## - NÚMERO INTERNACIONAL ESTÁNDAR DEL LIBRO
Número Internacional Estándar del Libro 9788419775641
040 ## - FUENTE DE CATALOGACIÓN
Lengua de catalogación spa
Centro/agencia transcriptor ES-MaACL
080 ## - NÚMERO DE LA CLASIFICACIÓN DECIMAL UNIVERSAL
Número de la Clasificación Decimal Universal 929 Primo de Rivera, José Antonio (0:82)
080 ## - NÚMERO DE LA CLASIFICACIÓN DECIMAL UNIVERSAL
Número de la Clasificación Decimal Universal 821.134.2-31"19"
100 1# - ENTRADA PRINCIPAL--NOMBRE DE PERSONA
9 (RLIN) 234887
Nombre de persona Gurpegui, José Antonio,
Fechas asociadas al nombre 1958-
Término indicativo de función/relación Autor
245 10 - MENCIÓN DEL TÍTULO
Título Tiempo de sangres /
Mención de responsabilidad, etc. José Antonio Gurpegui
250 ## - MENCION DE EDICION
Mención de edición Primera edición: 2023
260 ## - PUBLICACIÓN, DISTRIBUCIÓN, ETC.
Lugar de publicación, distribución, etc. [Sevilla] :
Nombre del editor, distribuidor, etc. Universo de Letras,
Fecha de publicación, distribución, etc. 2023
300 ## - DESCRIPCIÓN FÍSICA
Extensión 288 páginas ;
Dimensiones 23 cm
336 ## - TIPO DE CONTENIDO
Fuente rdacontent
Término de tipo de contenido Texto
337 ## - TIPO DE MEDIO
Fuente rdamedia
Nombre/término del tipo de medio sin mediación
338 ## - TIPO DE SOPORTE
Fuente rdacarrier
Nombre/término del tipo de soporte volumen
500 ## - NOTA GENERAL
Nota general Índice
500 ## - NOTA GENERAL
Nota general Novela presentada en el Ateneo de Madrid el 20/7/2023
520 ## - RESUMEN, ETC.
Sumario, etc. La muerte de José Antonio Primo de Rivera fue uno de los asuntos más escabrososvividos a comienzos de la guerra civil española. Se idearon numerosos intentos deliberación, desde ataques militares por sorpresa hasta sobornos a carceleros ypolíticos, pasando por el canje con el hijo del presidente Largo Caballero, prisionero deQueipo de Llano en Sevilla. El anuncio de su fusilamiento fue puesto en duda porpersonalidades nacionales e internacionales. El Gobierno británico incluso envió undiplomático al cementerio de Alicante, donde se exhumó el cadáver, para verificar talextremo. Incluso hoy en día el interrogante sobre a quién interesaba la muerte delfundador de Falange Española sigue siendo objeto de controversia. Tiempo desangres recrea la narración de un joven falangista que participó en el desconocido yexitoso intento de liberación de su líder poniendo en entredicho la fecha del 20 denoviembre de 1936 como día de la ejecución. Todo ello ambientado en un marco derigor y lógica histórica.
600 17 - PUNTO DE ACCESO ADICIONAL DE MATERIA--NOMBRE DE PERSONA
9 (RLIN) 161766
Nombre de persona Primo de Rivera, José Antonio,
Fechas asociadas al nombre 1903-1936-
Subdivisión de forma Novelas
655 #7 - TERMINO DE INDIZACIÓN--GENERO/FORMA
Datos o término principal de género/forma Novelas históricas
Fuente del término tgfbne
9 (RLIN) 226782
852 ## - LOCALIZACIÓN
Ubicación ES-MaACL
Sublocalización o colección R. 154931
Ubicación en estantería Depósito J
Número de control de estantería N-9588
Anotaciones manuscritas Dedicatoria autógrafa del autor
Donativo/Legado Donación: José Antonio Gurpegui
itemnumber 201043
Encuadernación Encuadernación rústica con solapas
903 ## - NOMBRE PERSONAL DE DONANTE
9 234887
a Gurpegui, José Antonio,
d 1958-
e Donante
942 ## - ELEMENTOS DE ENTRADA SECUNDARIOS (KOHA)
Suprimir en OPAC No
Tipo de ítem Koha Libro impreso
Holdings
Estatus retirado Estado de pérdida Fuente del sistema de clasificación o colocación Estado de daño No para préstamo Biblioteca de origen Biblioteca actual Ubicación en estantería Fecha de adquisición Fuente de adquisición Total de préstamos Signatura topográfica completa Código de barras Visto por última vez Tipo de ítem Koha Nota pública
    Clasificación decimal universal     Biblioteca del Ateneo de Madrid Biblioteca del Ateneo de Madrid Depósito J 16/01/2024 Donación   N-9588 101206321 16/01/2024 Libro impreso Dedicatoria autógrafa del autor